<?xml version="1.0" encoding="UTF-8"?>
<record
    xmlns:xsi="http://www.w3.org/2001/XMLSchema-instance"
    xsi:schemaLocation="http://www.loc.gov/MARC21/slim http://www.loc.gov/standards/marcxml/schema/MARC21slim.xsd"
    xmlns="http://www.loc.gov/MARC21/slim">

  <leader>01831nam a22002417a 4500</leader>
  <controlfield tag="003">DO-SdBJH</controlfield>
  <controlfield tag="005">20240918142702.0</controlfield>
  <controlfield tag="008">240913b        |||||||| |||| 00| 0 spa d</controlfield>
  <datafield tag="040" ind1=" " ind2=" ">
    <subfield code="a">DO-SdBJH</subfield>
    <subfield code="b">spa</subfield>
    <subfield code="c">DO-SdBJH</subfield>
  </datafield>
  <datafield tag="090" ind1=" " ind2=" ">
    <subfield code="a">TG AMBC</subfield>
    <subfield code="b">02144 2022</subfield>
  </datafield>
  <datafield tag="100" ind1="1" ind2=" ">
    <subfield code="a">Ferreras G&#xF3;mez, Thommy Rafael</subfield>
    <subfield code="e">sustentante</subfield>
  </datafield>
  <datafield tag="245" ind1="1" ind2="0">
    <subfield code="a">Aporte el Ej&#xE9;rcito de Rep&#xFA;blica Dominicana en la conservaci&#xF3;n del Medio Ambiente en el Municipio de Jiman&#xED;, per&#xED;odo del 2015 al 2020 / </subfield>
    <subfield code="c">Thommy Rafael Ferreras G&#xF3;mez, Raymundo Marte Torres, asesores Luis Rafael Herrera Almonte, Dominga D. M&#xE9;ndez Medina</subfield>
  </datafield>
  <datafield tag="260" ind1=" " ind2=" ">
    <subfield code="a">Santo Domingo Este :</subfield>
    <subfield code="b">INSUDE, </subfield>
    <subfield code="c">2022</subfield>
  </datafield>
  <datafield tag="300" ind1=" " ind2=" ">
    <subfield code="a">xxxvi, 79 p&#xE1;ginas</subfield>
  </datafield>
  <datafield tag="502" ind1=" " ind2=" ">
    <subfield code="a">Trabajo de grado (Licenciatura en Ciencias Militares) -- Instituto Superior para la Defensa (INSUDE). Academia Militar del Ej&#xE9;rcito de Rep&#xFA;blica Dominicana "Batalla de las Carreras", 2022</subfield>
  </datafield>
  <datafield tag="504" ind1=" " ind2=" ">
    <subfield code="a">Incluye referencias bibliogr&#xE1;ficas e &#xED;ndices</subfield>
  </datafield>
  <datafield tag="505" ind1=" " ind2=" ">
    <subfield code="a">Instrumentos y mecanismos nacionales que facultan la actuaci&#xF3;n del Ej&#xE9;rcito de Rep&#xFA;blica Dominicana en tareas de protecci&#xF3;n de los Recursos Naturales y preservaci&#xF3;n del Medio Ambiente. -- -instrumentos y mecanismos Internacionales que autorizan al Estado Dominicano implementar pol&#xED;ticas de protecci&#xF3;n de los Recursos Naturales y preservaci&#xF3;n del Medio Ambiente. -- Actuaci&#xF3;n del Ejercito de Republica Dominicana como parte de una pol&#xED;tica integral de protecci&#xF3;n de los Recursos Naturales y preservaci&#xF3;n del Medio Ambiente en el Municipio de Jiman&#xED;</subfield>
  </datafield>
  <datafield tag="700" ind1="1" ind2=" ">
    <subfield code="a">Marte Torres, Raymundo </subfield>
    <subfield code="e">sustentante</subfield>
  </datafield>
  <datafield tag="700" ind1="1" ind2=" ">
    <subfield code="a">Herrera Almonte, Luis Rafael </subfield>
    <subfield code="e">asesor</subfield>
  </datafield>
  <datafield tag="700" ind1="1" ind2=" ">
    <subfield code="a">M&#xE9;ndez Medina, Dominga D. </subfield>
    <subfield code="e">asesor</subfield>
  </datafield>
  <datafield tag="830" ind1=" " ind2=" ">
    <subfield code="a">INSUDE.  Academia Militar del Ej&#xE9;rcito de Rep&#xFA;blica Dominicana "Batalla de las Carreras";.  Trabajo de grado y disertaciones.</subfield>
  </datafield>
  <datafield tag="942" ind1=" " ind2=" ">
    <subfield code="2">CL</subfield>
    <subfield code="c">T</subfield>
  </datafield>
  <datafield tag="999" ind1=" " ind2=" ">
    <subfield code="c">7884</subfield>
    <subfield code="d">7884</subfield>
  </datafield>
  <datafield tag="952" ind1=" " ind2=" ">
    <subfield code="0">0</subfield>
    <subfield code="1">0</subfield>
    <subfield code="2">CL</subfield>
    <subfield code="4">0</subfield>
    <subfield code="7">0</subfield>
    <subfield code="8">CG</subfield>
    <subfield code="a">BJHA</subfield>
    <subfield code="b">BJHA</subfield>
    <subfield code="d">2024-09-13</subfield>
    <subfield code="i">22-02144</subfield>
    <subfield code="l">0</subfield>
    <subfield code="o">TG AMBC 02144 2022</subfield>
    <subfield code="p">22-02144</subfield>
    <subfield code="r">2024-09-13 15:09:26</subfield>
    <subfield code="t">e.1</subfield>
    <subfield code="w">2024-09-13</subfield>
    <subfield code="y">T</subfield>
  </datafield>
</record>
